Lautrec y su "Moulin Rouge" / (Record no. 180696)

MARC details
000 -LEADER
campo de control de longitud fija 00679nam a2200217 i 4500
001 - NÚMERO DE CONTROL
campo de control 180696
003 - IDENTIFICADOR DE NÚMERO DE CONTROL
campo de control ES-MaACL
005 - FECHA Y HORA DE LA ÚLTIMA TRANSACCIÓN
campo de control 20230906221151.0
008 - DATOS DE LONGITUD FIJA--INFORMACIÓN GENERAL
campo de control de longitud fija 120626q1950 sp |||| |dspa d
080 ## - NÚMERO DE LA CLASIFICACIÓN DECIMAL UNIVERSAL
Número de la Clasificación Decimal Universal 75 Toulouse-Lautrec, Henri
100 1# - ENTRADA PRINCIPAL--NOMBRE DE PERSONA
Nombre de persona Peitx, Jorge.
9 (RLIN) 150775
245 10 - MENCIÓN DEL TÍTULO
Título Lautrec y su "Moulin Rouge" /
Mención de responsabilidad, etc. Jorge Peitx ; portada, fotomontaje Arman.
260 ## - PUBLICACIÓN, DISTRIBUCIÓN, ETC.
Lugar de publicación, distribución, etc. Barcelona :
Nombre del editor, distribuidor, etc. Ediciones G.P.,
Fecha de publicación, distribución, etc. [ca. 1950]
300 ## - DESCRIPCIÓN FÍSICA
Extensión 64 p. ;
Dimensiones 11 cm.
490 1# - MENCIÓN DE SERIE
Mención de serie Enciclopedia pulga ;
Designación de volumen o secuencia 47
600 14 - PUNTO DE ACCESO ADICIONAL DE MATERIA--NOMBRE DE PERSONA
Nombre de persona Toulouse-Lautrec, Henri de.
9 (RLIN) 111132
700 1# - ENTRADA AGREGADA--NOMBRE PERSONAL
Nombre de persona Arman.
9 (RLIN) 137879
830 1# - PUNTO DE ACCESO ADICIONAL DE SERIE-TÍTULO UNIFORME
Título uniforme Enciclopedia pulga ;
Designación de volumen o secuencia 47
9 (RLIN) 191296
852 4# - LOCALIZACIÓN
Ubicación ES-MaACL
Número de control de estantería 2311-F-10
Holdings
Estatus retirado Estado de pérdida Estado de daño No para préstamo Colección Biblioteca de origen Biblioteca actual Ubicación en estantería Fecha de adquisición Fuente de adquisición Total de préstamos Signatura topográfica completa Código de barras Visto por última vez Precio de reemplazo Tipo de ítem Koha
        Colección de folletos Biblioteca del Ateneo de Madrid Biblioteca del Ateneo de Madrid Depósito folletos 26/06/2012     2311-F-10 1189877 23/02/2023 23/02/2023 Folleto